00478nam a2200133Ia 4500008004100000100001800041245007600059245005300135260005300188260001900241300000800260650001500268856006100283170221s9999 xx 000 0 und d aIqra Abdullah 2aA Literature Review on Personality, Creativity and Innovative Behavior  cIqra Abdullah, Rozeyta Omar, Siti Aisyha Panatik bInternational Review of Management and Marketing cSeptember 2016 a5:3 xMarketing. uhttp://www.econjournals.com/index.php/irmm/issue/view/64